00452nam a2200181Ia 4500003000400000005001700004008004100021020001600062040000700078041000800085082002200093100002300115245004800138250000600186260005000192300001500242365001300257OSt20230321110133.0210423s2008 xx 000 0 und d a97888621304 cAL aeng a657.46 223bVAIK aVAITHEESWARAN (K). aStudents hand book on indirect taxes- 2008. a7 aMumbaibSnow White Publications Pvt Ltdc2008 a87,388bPB b295cINR